<?xml version="1.0" encoding="UTF-8"?>
<record
    xmlns:xsi="http://www.w3.org/2001/XMLSchema-instance"
    xsi:schemaLocation="http://www.loc.gov/MARC21/slim http://www.loc.gov/standards/marcxml/schema/MARC21slim.xsd"
    xmlns="http://www.loc.gov/MARC21/slim">

  <leader>00762nam a2200181Ia 4500</leader>
  <controlfield tag="001">967</controlfield>
  <controlfield tag="003">OSt</controlfield>
  <controlfield tag="005">20250224092842.0</controlfield>
  <controlfield tag="008">241024s2010    dr            000 0 spa d</controlfield>
  <datafield tag="040" ind1=" " ind2=" ">
    <subfield code="a">CGID0025</subfield>
    <subfield code="b">spa</subfield>
    <subfield code="c">CGID0025</subfield>
    <subfield code="e">rda</subfield>
  </datafield>
  <datafield tag="082" ind1=" " ind2=" ">
    <subfield code="a">RD/371.244/ID19c/2010</subfield>
  </datafield>
  <datafield tag="100" ind1=" " ind2=" ">
    <subfield code="a">Rep&#xFA;blica Dominicana. Instituto Dominicano de Evaluaci&#xF3;n e Investigaci&#xF3;n de la Calidad Educativa (IDEICE),</subfield>
  </datafield>
  <datafield tag="245" ind1=" " ind2="0">
    <subfield code="a">Conocimientos valoraci&#xF3;n y uso del calendario escolar por directores (as) de Centros Educativos P&#xFA;blicos</subfield>
    <subfield code="c">Instituto Dominicano de Evaluaci&#xF3;n e Investigaci&#xF3;n de la Calidad Educativa (IDEICE),</subfield>
  </datafield>
  <datafield tag="260" ind1=" " ind2=" ">
    <subfield code="b">IDEICE</subfield>
    <subfield code="c">2010</subfield>
  </datafield>
  <datafield tag="901" ind1=" " ind2=" ">
    <subfield code="a">14/1/2011 2:40:34 p.m.</subfield>
  </datafield>
  <datafield tag="942" ind1=" " ind2=" ">
    <subfield code="2">ddc</subfield>
    <subfield code="c">LIB</subfield>
    <subfield code="i">RD/371.244/ID19c/2010</subfield>
    <subfield code="n">0</subfield>
  </datafield>
  <datafield tag="999" ind1=" " ind2=" ">
    <subfield code="c">8870</subfield>
    <subfield code="d">8870</subfield>
  </datafield>
  <datafield tag="952" ind1=" " ind2=" ">
    <subfield code="0">0</subfield>
    <subfield code="1">0</subfield>
    <subfield code="2">ddc</subfield>
    <subfield code="4">0</subfield>
    <subfield code="7">0</subfield>
    <subfield code="a">RI</subfield>
    <subfield code="b">RI</subfield>
    <subfield code="d">2025-02-24</subfield>
    <subfield code="l">0</subfield>
    <subfield code="o">RD/371.244/ID19c/2010</subfield>
    <subfield code="r">2025-02-24 13:29:10</subfield>
    <subfield code="w">2025-02-24</subfield>
    <subfield code="y">LIB</subfield>
  </datafield>
</record>
